[Event "Thessaloniki tt Final 4"]
[Site "Thessaloniki"]
[Date "2025.05.17"]
[Round "1.1"]
[White "Kiratzopoulos, Efthimios"]
[Black "Gouloutis, Nikolaos"]
[Result "0-1"]
[WhiteElo "2200"]
[BlackElo "2316"]
[PlyCount "68"]
[EventDate "2025.05.17"]
[EventType "team-k.o."]
[EventRounds "2"]
[EventCountry "GRE"]
[SourceTitle "CB21_2025"]
[SourceDate "2025.05.21"]
[SourceVersion "1"]
[SourceVersionDate "2025.05.21"]
[SourceQuality "1"]
[WhiteTeam "Polygoroy"]
[BlackTeam "Thessaloniki Arhs"]
[WhiteTeamCountry "GRE"]
[BlackTeamCountry "GRE"]

1. d4 Nf6 2. Nc3 d5 3. Bf4 Bd7 4. e3 e6 5. a3 c5 6. dxc5 Bxc5 7. b4 Be7 8. Nb5 Bxb5 9. Bxb5+ Nbd7 10. Nf3 0-0 11. 0-0 Rc8 12. Bd3 Nb6 13. Ne5 Ne4 14. Qh5 f6 15. f3 fxe5 16. fxe4 exf4 17. e5 Rf5 18. Bxf5 exf5 19. Qxf5 Qd7 20. Qxf4 Qe6 21. e4 d4 22. Rad1 Rd8 23. c3 d3 24. Qg3 d2 25. c4 Nxc4 26. Qb3 b5 27. Rf2 Bg5 28. Rf5 h6 29. h4 Qb6+ 30. Kh1 Qe3 31. Qb1 Bxh4 32. Rf3 Qe1+ 33. Rf1 Qe2 34. Qb3 Rd3 0-1

[Event "EU-ch Blitz"]
[Site "Skopje"]
[Date "2024.12.09"]
[Round "4"]
[White "Kiratzopoulos, Efthimios"]
[Black "Hamitevici, Vladimir"]
[Result "0-1"]
[WhiteElo "2193"]
[BlackElo "2423"]
[PlyCount "110"]
[EventDate "2024.12.09"]
[EventType "swiss (blitz)"]
[EventRounds "13"]
[EventCountry "MKD"]
[SourceTitle "CB50_2024"]
[SourceDate "2024.11.01"]
[SourceVersion "1"]
[SourceVersionDate "2024.11.01"]
[SourceQuality "2"]

1. d4 Nf6 2. Nf3 c5 3. c3 d5 4. Bg5 Ne4 5. Bf4 Nc6 6. e3 Bg4 7. Be2 e6 8. Nbd2 Nxd2 9. Qxd2 Bd6 10. Bxd6 Qxd6 11. h3 Bh5 12. a3 0-0 13. b4 cxd4 14. cxd4 Rfc8 15. 0-0 Bxf3 16. Bxf3 Nb8 17. Rfc1 Nd7 18. Rxc8+ Rxc8 19. Rc1 Rc6 20. e4 dxe4 21. Bxe4 Rc7 22. Bf3 Nf6 23. Rc3 h6 24. Qc1 Rd7 25. Rc8+ Kh7 26. Rc4 a6 27. a4 g6 28. a5 Kg7 29. Qe3 Nd5 30. Bxd5 Qxd5 31. Qe5+ Qxe5 32. dxe5 Rd1+ 33. Kh2 Rd5 34. f4 g5 35. Kg3 Kg6 36. Kf3 gxf4 37. Kxf4 Rd2 38. g4 Rb2 39. h4 h5 40. g5 Rg2 41. Kf3 Rb2 42. Kf4 Rb3 43. Rd4 Rh3 44. Rd7 Rxh4+ 45. Ke3 Rxb4 46. Rc7 h4 47. Kf3 h3 48. Kg3 Rb3+ 49. Kh2 Rb5 50. Rd7 Rxe5 51. Rxb7 Rxg5 52. Rb6 Rxa5 53. Kxh3 Ra1 54. Kg4 a5 55. Ra6 a4 0-1

[Event "EU-ch Blitz"]
[Site "Skopje"]
[Date "2024.12.09"]
[Round "7"]
[White "Kiratzopoulos, Efthimios"]
[Black "Perunovic, Miodrag"]
[Result "0-1"]
[WhiteElo "2193"]
[BlackElo "2357"]
[PlyCount "130"]
[EventDate "2024.12.09"]
[EventType "swiss (blitz)"]
[EventRounds "13"]
[EventCountry "MKD"]
[SourceTitle "CB50_2024"]
[SourceDate "2024.11.01"]
[SourceVersion "1"]
[SourceVersionDate "2024.11.01"]
[SourceQuality "2"]

1. d4 Nf6 2. Nf3 e6 3. Bg5 h6 4. Bh4 b6 5. Nbd2 Bb7 6. e3 c5 7. c3 cxd4 8. exd4 Be7 9. Bd3 0-0 10. 0-0 d6 11. Qe2 Nbd7 12. Ba6 Qc8 13. Bxb7 Qxb7 14. Rfe1 Rfe8 15. h3 b5 16. a4 bxa4 17. Nc4 Rec8 18. Rxa4 Qb5 19. Rb4 Qa6 20. Ne3 Qc6 21. Rc4 Qb7 22. Rxc8+ Rxc8 23. Ra1 Rb8 24. b4 Bf8 25. Qa6 Qc7 26. Ra3 Rb7 27. Bg3 Ne4 28. Qc4 Nxg3 29. Qxc7 Rxc7 30. fxg3 d5 31. Ne1 Nf6 32. Nd3 Ne4 33. Nc5 Bxc5 34. bxc5 Nxg3 35. Ra6 Ne2+ 36. Kf2 Nxc3 37. Ng4 Nb5 38. Ke3 Nc3 39. Ne5 f6 40. Nd3 Kf7 41. Nf4 Re7 42. c6 Nb5 43. Nd3 Nd6 44. Nc5 Rc7 45. Kd3 e5 46. Nb3 e4+ 47. Kc3 f5 48. Kb4 e3 49. Nc1 Ne4 50. Nd3 Ke6 51. Nc5+ Kd6 52. Nb7+ Ke6 53. Nc5+ Nxc5 54. Kxc5 f4 55. Ra2 g5 56. Rb2 h5 57. Rb8 g4 58. hxg4 hxg4 59. Re8+ Re7 60. Rb8 e2 61. Rb1 f3 62. gxf3 gxf3 63. Rh1 f2 64. Rh6+ Kf5 65. Kd6 e1Q 0-1

[Event "EU-ch Blitz"]
[Site "Skopje"]
[Date "2024.12.09"]
[Round "13"]
[White "Kiratzopoulos, Efthimios"]
[Black "Zajic, Milan"]
[Result "1-0"]
[WhiteElo "2193"]
[BlackElo "2392"]
[PlyCount "111"]
[EventDate "2024.12.09"]
[EventType "swiss (blitz)"]
[EventRounds "13"]
[EventCountry "MKD"]
[SourceTitle "CB50_2024"]
[SourceDate "2024.11.01"]
[SourceVersion "1"]
[SourceVersionDate "2024.11.01"]
[SourceQuality "2"]

1. d4 Nf6 2. Nf3 e6 3. Bg5 c5 4. c3 h6 5. Bh4 d5 6. e3 Be7 7. Nbd2 Nbd7 8. Bd3 b6 9. 0-0 Bb7 10. Ne5 Nxe5 11. dxe5 Nd7 12. Bxe7 Qxe7 13. f4 0-0-0 14. Qe2 f6 15. exf6 gxf6 16. e4 c4 17. Bc2 Qc5+ 18. Kh1 Kb8 19. Nf3 Rhg8 20. Rad1 Rde8 21. exd5 exd5 22. Qd2 Qc7 23. Nd4 Nc5 24. Rde1 Ne4 25. Bxe4 Rxe4 26. Rxe4 dxe4 27. Qe3 Qg7 28. g3 h5 29. Kg2 h4 30. f5 hxg3 31. hxg3 Rh8 32. Rh1 Rxh1 33. Kxh1 Kc8 34. Kg2 Qg4 35. Qh6 e3+ 36. Kh2 Qe4 37. Qf8+ Kd7 38. Qf7+ Qe7 39. Qxe7+ Kxe7 40. Kg1 Kd6 41. Kf1 Ke5 42. Ke2 Ke4 43. Nb5 Bc6 44. Nd6+ Kd5 45. Nf7 Ke4 46. Nd6+ Kd5 47. Nc8 Bd7 48. Nxa7 Ke4 49. g4 Kf4 50. a4 Bxa4 51. Nc8 b5 52. Ne7 Bc2 53. Nd5+ Kxg4 54. Nxe3+ Kf4 55. Nxc2 Kxf5 56. Nd4+ 1-0

[Event "EU-ch Blitz"]
[Site "Skopje"]
[Date "2024.12.09"]
[Round "12"]
[White "Krallis, Christos"]
[Black "Kiratzopoulos, Efthimios"]
[Result "1/2-1/2"]
[WhiteElo "2383"]
[BlackElo "2193"]
[PlyCount "89"]
[EventDate "2024.12.09"]
[EventType "swiss (blitz)"]
[EventRounds "13"]
[EventCountry "MKD"]
[SourceTitle "CB50_2024"]
[SourceDate "2024.11.01"]
[SourceVersion "1"]
[SourceVersionDate "2024.11.01"]
[SourceQuality "2"]

1. e4 g6 2. d4 Bg7 3. Nc3 d6 4. Be3 c6 5. h4 h5 6. Nf3 Bg4 7. Be2 Nf6 8. e5 Nd5 9. Nxd5 cxd5 10. Ng5 Bxe2 11. Qxe2 dxe5 12. dxe5 e6 13. 0-0-0 Nc6 14. f4 Qa5 15. Kb1 Rc8 16. c3 Bh6 17. g4 Bxg5 18. hxg5 Qa4 19. Bd4 h4 20. f5 Nxd4 21. Rxd4 Rc4 22. Qf2 Rxd4 23. cxd4 exf5 24. gxf5 gxf5 25. Rc1 Qd7 26. g6 fxg6 27. e6 Qxe6 28. Re1 Qe4+ 29. Rxe4+ dxe4 30. Qh2 Kd7 31. Qe5 Rh7 32. d5 Re7 33. Qf6 e3 34. d6 Re6 35. Qf7+ Kxd6 36. Qf8+ Kd7 37. Qf7+ Re7 38. Qd5+ Kc8 39. Qc5+ Kd8 40. Qd5+ Kc7 41. Qc5+ Kd7 42. Qd5+ Ke8 43. Qg8+ Kd7 44. Qd5+ Ke8 45. b3 1/2-1/2

[Event "Prague Golden Blitz op"]
[Site "Prague"]
[Date "2023.06.18"]
[Round "6"]
[White "Kiratzopoulos, Efthimios"]
[Black "Zoubek, David"]
[Result "0-1"]
[WhiteElo "2056"]
[BlackElo "1801"]
[PlyCount "76"]
[EventDate "2023.06.18"]
[EventType "swiss (blitz)"]
[EventRounds "11"]
[EventCountry "CZE"]
[SourceTitle "CBM 215 Extra"]
[Source "ChessBase"]
[SourceDate "2023.09.30"]
[SourceVersion "1"]
[SourceVersionDate "2023.09.30"]
[SourceQuality "1"]

1. Nf3 Nf6 2. d4 c5 3. Nc3 cxd4 4. Qxd4 Nc6 5. Qh4 d5 6. Bg5 e6 7. 0-0-0 Be7 8. e4 h6 9. exd5 Nxd5 10. Bxe7 Ncxe7 11. Nxd5 exd5 12. Bb5+ Bd7 13. Rhe1 Bxb5 14. Rxd5 Bd7 15. Red1 Nxd5 16. Qe4+ Ne7 17. Ne5 0-0 18. Nxd7 Qc7 19. Qxe7 Rac8 20. c3 Rfd8 21. Rd4 Re8 22. Qh4 Rcd8 23. Qg4 Re7 24. Nf6+ Kh8 25. Nh5 g6 26. Nf6 Rxd4 27. Qxd4 Qe5 28. Qd8+ Kg7 29. Nd7 Qe1+ 30. Kc2 Qe2+ 31. Kc1 Qe1+ 32. Kc2 Qe6 33. Qf8+ Kh7 34. Nc5 Qf5+ 35. Nd3 Rd7 36. f3 Qxd3+ 37. Kb3 Qd5+ 38. Kc2 Qd1# 0-1

[Event "Pardubice op rapid 32nd"]
[Site "Pardubice"]
[Date "2021.07.21"]
[Round "3"]
[White "Kiratzopoulos, Efthimios"]
[Black "Virostko, Petr"]
[Result "1-0"]
[WhiteElo "2239"]
[BlackElo "2352"]
[PlyCount "77"]
[EventDate "2021.07.21"]
[EventType "swiss (rapid)"]
[EventRounds "9"]
[EventCountry "CZE"]
[SourceTitle "CBM 203 Extra"]
[Source "ChessBase"]
[SourceDate "2021.09.30"]
[SourceVersion "1"]
[SourceVersionDate "2021.09.30"]
[SourceQuality "1"]

1. d4 Nf6 2. Nf3 d5 3. Bg5 Nbd7 4. e3 c5 5. c3 h6 6. Bh4 Qb6 7. Qb3 c4 8. Qc2 g5 9. Bg3 Ne4 10. b3 cxb3 11. axb3 e6 12. Bd3 f5 13. 0-0 Bd6 14. c4 Bxg3 15. hxg3 g4 16. Nh4 0-0 17. Ng6 Re8 18. Nc3 Nxc3 19. Qxc3 Nf6 20. f3 gxf3 21. gxf3 Qc7 22. Ne5 Nd7 23. e4 Nxe5 24. dxe5 fxe4 25. fxe4 Qc5+ 26. Kg2 d4 27. Qd2 Qxe5 28. Qxh6 Qg7 29. Qh5 Bd7 30. e5 Bc6+ 31. Kh2 Qh8 32. Qxh8+ Kxh8 33. Rf4 Rf8 34. b4 Rxf4 35. gxf4 Rf8 36. b5 Bxb5 37. cxb5 Rxf4 38. Kg3 Rf7 39. Rxa7 1-0

[Event "EU-ch blitz"]
[Site "Tallinn"]
[Date "2019.12.07"]
[Round "4"]
[White "Dragnev, Valentin"]
[Black "Kiratzopoulos, Efthimios"]
[Result "1-0"]
[WhiteElo "2523"]
[BlackElo "2187"]
[PlyCount "31"]
[EventDate "2019.12.07"]
[EventType "swiss (blitz)"]
[EventRounds "22"]
[EventCountry "EST"]
[SourceTitle "CBM 193 Extra"]
[Source "ChessBase"]
[SourceDate "2020.01.31"]
[SourceVersion "1"]
[SourceVersionDate "2020.01.31"]
[SourceQuality "1"]

1. d4 Nf6 2. c4 Nc6 3. Nf3 e6 4. g3 Bb4+ 5. Bd2 Qe7 6. Nc3 d6 7. Bg2 0-0 8. 0-0 Bxc3 9. Bxc3 Ne4 10. Rc1 Nxc3 11. Rxc3 e5 12. d5 Nb8 13. c5 Bg4 14. cxd6 cxd6 15. Qa4 Na6 16. Qxg4 1-0

[Event "EU-ch blitz"]
[Site "Tallinn"]
[Date "2019.12.07"]
[Round "3"]
[White "Kiratzopoulos, Efthimios"]
[Black "Dragnev, Valentin"]
[Result "1-0"]
[WhiteElo "2187"]
[BlackElo "2523"]
[PlyCount "73"]
[EventDate "2019.12.07"]
[EventType "swiss (blitz)"]
[EventRounds "22"]
[EventCountry "EST"]
[SourceTitle "CBM 193 Extra"]
[Source "ChessBase"]
[SourceDate "2020.01.31"]
[SourceVersion "1"]
[SourceVersionDate "2020.01.31"]
[SourceQuality "1"]

1. d4 Nf6 2. Nf3 d5 3. Bg5 Ne4 4. Bf4 c5 5. Nbd2 Nc6 6. Nxe4 dxe4 7. d5 Nb4 8. c3 Nxd5 9. Qa4+ Qd7 10. Qxe4 Qf5 11. Qxf5 Bxf5 12. e4 Nxf4 13. exf5 a6 14. g3 Nd5 15. 0-0-0 Nb6 16. Bg2 g6 17. Ne5 Rb8 18. Nd3 Nd7 19. Rhe1 Bg7 20. f4 Bf6 21. Ne5 Nxe5 22. fxe5 Bg5+ 23. Kc2 gxf5 24. e6 fxe6 25. Rxe6 0-0 26. Rd7 f4 27. gxf4 Rxf4 28. Bd5 Kg7 29. Rxb7 Rf2+ 30. Kb3 Rd8 31. c4 Rxh2 32. Rxa6 h5 33. Rc6 h4 34. Rxc5 Bc1 35. Kc3 Rf8 36. Rxe7+ Kh8 37. Be4 1-0

[Event "CZE-chT2C 1819"]
[Site "Czech Republic"]
[Date "2019.01.27"]
[Round "7.4"]
[White "Sedivy, Martin"]
[Black "Kiratzopoulos, Efthimios"]
[Result "1/2-1/2"]
[WhiteElo "2159"]
[BlackElo "2217"]
[PlyCount "95"]
[EventDate "2018.10.14"]
[EventType "team-tourn"]
[EventRounds "11"]
[EventCountry "CZE"]
[SourceTitle "EXT 2022"]
[Source "ChessBase"]
[SourceDate "2021.10.06"]
[SourceVersion "1"]
[SourceVersionDate "2021.10.06"]
[SourceQuality "1"]
[WhiteTeam "Lipa"]
[BlackTeam "Neratovice II"]
[WhiteTeamCountry "CZE"]
[BlackTeamCountry "CZE"]

1. e4 d6 2. d4 g6 3. Be3 Bg7 4. Nc3 a6 5. Qd2 b5 6. f3 Bb7 7. a4 b4 8. Nd1 a5 9. Bc4 Nd7 10. Nh3 Ngf6 11. Bh6 0-0 12. Bxg7 Kxg7 13. Ng5 d5 14. exd5 Bxd5 15. Bxd5 Nxd5 16. Ne3 N7f6 17. 0-0 e6 18. Ne4 Nxe3 19. Qxe3 Qd5 20. Nxf6 Kxf6 21. c3 bxc3 22. Qxc3 Rfd8 23. Rfd1 Rab8 24. Qxc7 Rxb2 25. Rac1 Kg7 26. Rc5 Qb7 27. Qe5+ Kg8 28. Qg5 Rd5 29. Rxd5 Qxd5 30. Qxd5 exd5 31. Rc1 Rb4 32. Rc5 Rxa4 33. Rxd5 Ra2 34. h3 Kf8 35. Rd7 Kg7 36. Ra7 Kf6 37. Ra6+ Ke7 38. Kh2 a4 39. d5 h5 40. Kg3 g5 41. h4 gxh4+ 42. Kxh4 Rxg2 43. Kxh5 Rg3 44. Rxa4 Rxf3 45. Kg5 Kd6 46. Rf4 Rxf4 47. Kxf4 Kxd5 48. Kf5 1/2-1/2

[Event "EU-ch rapid"]
[Site "Katowice"]
[Date "2017.12.16"]
[Round "5"]
[White "Kiratzopoulos, Efthimios"]
[Black "Krzyzanowski, Marcin"]
[Result "0-1"]
[WhiteElo "2204"]
[BlackElo "2457"]
[PlyCount "134"]
[EventDate "2017.12.16"]
[EventType "swiss (rapid)"]
[EventRounds "11"]
[EventCountry "POL"]
[SourceTitle "CBM 182 Extra"]
[Source "ChessBase"]
[SourceDate "2018.02.23"]
[SourceVersion "1"]
[SourceVersionDate "2018.02.23"]
[SourceQuality "1"]

1. d4 Nf6 2. Nf3 g6 3. Bg5 Bg7 4. Nbd2 c5 5. c3 cxd4 6. cxd4 d5 7. e3 0-0 8. Be2 Nc6 9. 0-0 Bf5 10. Qb3 Qb6 11. Rfc1 Rfc8 12. h3 Ne4 13. Nxe4 Qxb3 14. axb3 Bxe4 15. Nd2 Bf5 16. g4 Bd7 17. Nb1 f6 18. Bh4 e5 19. Nc3 Be6 20. Bf3 exd4 21. Bxd5 Kf7 22. Bxe6+ Kxe6 23. Ne4 dxe3 24. Nc5+ Ke7 25. fxe3 Ne5 26. Bg3 b6 27. Bxe5 fxe5 28. Ne4 a5 29. Kf2 Bf8 30. Kf3 h6 31. Nc3 Ke6 32. Ke4 Bc5 33. Na4 Rab8 34. Rc2 Bb4 35. Rac1 Rxc2 36. Rxc2 b5 37. Nc5+ Kd6 38. Nd3 Re8 39. h4 Rf8 40. h5 gxh5 41. gxh5 Rg8 42. Rf2 Rg4+ 43. Kf5 Rg5+ 44. Kf6 Rxh5 45. Rg2 Bc5 46. e4 Bd4 47. Rg6 Rh3 48. Kf5+ Ke7 49. Nc1 Rf3+ 50. Kg4 Rf4+ 51. Kg3 Rxe4 52. Rxh6 Re1 53. Rc6 Bxb2 54. Na2 Re3+ 55. Kg4 Rxb3 56. Kf5 a4 57. Ke4 a3 58. Kd5 Bd4 59. Rc7+ Kf6 60. Rb7 Rb2 61. Nc1 a2 62. Nxa2 Rxa2 63. Rxb5 Kf5 64. Rb8 Ra5+ 65. Kc4 Ke4 66. Rh8 Rc5+ 67. Kb3 Rc7 0-1

[Event "EU-ch blitz"]
[Site "Katowice"]
[Date "2017.12.15"]
[Round "5"]
[White "Costachi, Mihnea"]
[Black "Kiratzopoulos, Efthimios"]
[Result "1-0"]
[WhiteElo "2441"]
[BlackElo "2204"]
[PlyCount "99"]
[EventDate "2017.12.15"]
[EventType "swiss (blitz)"]
[EventRounds "22"]
[EventCountry "POL"]
[SourceTitle "CBM 182 Extra"]
[Source "ChessBase"]
[SourceDate "2018.02.23"]
[SourceVersion "1"]
[SourceVersionDate "2018.02.23"]
[SourceQuality "1"]

1. d4 Nf6 2. c4 Nc6 3. Nf3 e6 4. e3 Bb4+ 5. Bd2 Qe7 6. Bd3 0-0 7. 0-0 a5 8. e4 d6 9. Bg5 e5 10. a3 Bg4 11. d5 Nd4 12. axb4 axb4 13. Rxa8 Rxa8 14. Nbd2 h6 15. Be3 c5 16. dxc6 bxc6 17. Be2 Nxe2+ 18. Qxe2 Ra2 19. Rb1 c5 20. Qd3 g5 21. h3 Bh5 22. Nh2 Qe6 23. f3 Bg6 24. Ng4 Nxg4 25. hxg4 f6 26. Nb3 Bf7 27. Nd2 Kg7 28. b3 h5 29. gxh5 Bxh5 30. Nf1 g4 31. f4 Bf7 32. f5 Qd7 33. Rd1 Qc6 34. Ng3 Ra6 35. Bc1 Be8 36. Qd2 Kf7 37. Qh6 Ke7 38. Qg7+ Bf7 39. Re1 Ra1 40. Nh5 d5 41. exd5 Qd6 42. Kf1 Ra2 43. Nxf6 e4 44. Nxe4 Qh2 45. Nf2+ Kd8 46. Qf8+ Kc7 47. Re7+ Kb6 48. Qd8+ Ka6 49. Qa8+ Kb6 50. Qb7+ 1-0

[Event "EU-ch blitz"]
[Site "Katowice"]
[Date "2017.12.15"]
[Round "6"]
[White "Kiratzopoulos, Efthimios"]
[Black "Costachi, Mihnea"]
[Result "0-1"]
[WhiteElo "2204"]
[BlackElo "2441"]
[PlyCount "62"]
[EventDate "2017.12.15"]
[EventType "swiss (blitz)"]
[EventRounds "22"]
[EventCountry "POL"]
[SourceTitle "CBM 182 Extra"]
[Source "ChessBase"]
[SourceDate "2018.02.23"]
[SourceVersion "1"]
[SourceVersionDate "2018.02.23"]
[SourceQuality "1"]

1. d4 Nf6 2. Nf3 g6 3. Bg5 Bg7 4. Nbd2 d6 5. e4 Nbd7 6. Be2 h6 7. Bh4 c5 8. c3 b6 9. e5 dxe5 10. dxe5 Nd5 11. e6 fxe6 12. Qc2 Kf7 13. 0-0-0 Bb7 14. Rhe1 Qc8 15. Bg3 Rd8 16. Bd3 Nf8 17. Nc4 b5 18. Nce5+ Kg8 19. Bxg6 Nxg6 20. Qxg6 b4 21. Qf7+ Kh7 22. c4 Nf6 23. Qxe7 Be4 24. Nf7 Re8 25. Qd6 Qb7 26. N7g5+ hxg5 27. Nxg5+ Kg8 28. Be5 Bg6 29. Nxe6 Ne4 30. Nxg7 Nxd6 31. Bxd6 Kxg7 0-1

[Event "EU-ch blitz"]
[Site "Katowice"]
[Date "2017.12.15"]
[Round "9"]
[White "Polivanov, Anatoliy"]
[Black "Kiratzopoulos, Efthimios"]
[Result "0-1"]
[WhiteElo "2383"]
[BlackElo "2204"]
[PlyCount "40"]
[EventDate "2017.12.15"]
[EventType "swiss (blitz)"]
[EventRounds "22"]
[EventCountry "POL"]
[SourceTitle "CBM 182 Extra"]
[Source "ChessBase"]
[SourceDate "2018.02.23"]
[SourceVersion "1"]
[SourceVersionDate "2018.02.23"]
[SourceQuality "1"]

1. d4 Nf6 2. c4 Nc6 3. Nc3 e5 4. d5 Ne7 5. e4 Ng6 6. h4 h5 7. Bg5 Be7 8. g3 d6 9. Bxf6 Bxf6 10. Bh3 c6 11. Qa4 Qb6 12. 0-0-0 0-0 13. dxc6 bxc6 14. Rxd6 Qxf2 15. Rxc6 Qxg3 16. Nd5 Bb7 17. Rxf6 Bxd5 18. Rxg6 Qe3+ 19. Kd1 Bxe4 20. Qb3 Rad8+ 0-1

[Event "EU-ch blitz"]
[Site "Katowice"]
[Date "2017.12.15"]
[Round "17"]
[White "Pultinevicius, Paulius"]
[Black "Kiratzopoulos, Efthimios"]
[Result "1-0"]
[WhiteElo "2371"]
[BlackElo "2204"]
[PlyCount "89"]
[EventDate "2017.12.15"]
[EventType "swiss (blitz)"]
[EventRounds "22"]
[EventCountry "POL"]
[SourceTitle "CBM 182 Extra"]
[Source "ChessBase"]
[SourceDate "2018.02.23"]
[SourceVersion "1"]
[SourceVersionDate "2018.02.23"]
[SourceQuality "1"]

1. d4 Nf6 2. c4 Nc6 3. Nf3 e6 4. d5 exd5 5. cxd5 Bb4+ 6. Nc3 Ne7 7. Bd2 Bxc3 8. Bxc3 Nexd5 9. Bd4 0-0 10. e3 d6 11. Bc4 Nb6 12. Bd3 Bg4 13. h3 Bh5 14. 0-0 Nbd7 15. Be2 c5 16. Bc3 d5 17. b4 b6 18. bxc5 bxc5 19. Rc1 Re8 20. Bxf6 Nxf6 21. Rxc5 Qb6 22. Rb5 Qa6 23. Nd4 Bxe2 24. Qxe2 Rac8 25. Qb2 h6 26. Rd1 Qa4 27. Rb3 Qc4 28. Nf5 Qc6 29. Rb7 Qe6 30. Nd4 Qe4 31. Rxa7 Rb8 32. Rb7 Ra8 33. Rb4 Qg6 34. a4 Ne4 35. Rb6 Qh5 36. Ra1 Rec8 37. a5 f5 38. Ne6 Ra7 39. a6 Re7 40. Rb7 Rce8 41. Rxe7 Rxe7 42. Nf4 Qg5 43. a7 Rxa7 44. Rxa7 Qh4 45. Qxg7# 1-0

[Event "Chalkidiki op"]
[Site "Chalkidiki"]
[Date "2015.07.14"]
[Round "4"]
[White "Giannoulakis, Labros"]
[Black "Kiratzopoulos, Efthimios"]
[Result "1/2-1/2"]
[WhiteElo "2283"]
[BlackElo "2171"]
[PlyCount "70"]
[EventDate "2015.07.12"]
[EventType "swiss"]
[EventRounds "9"]
[EventCountry "GRE"]
[SourceTitle "EXT 2016"]
[Source "ChessBase"]
[SourceDate "2015.10.08"]
[SourceVersion "1"]
[SourceVersionDate "2015.10.08"]
[SourceQuality "1"]

1. d4 Nf6 2. c4 Nc6 3. Nf3 e6 4. a3 d6 5. Nc3 g6 6. e4 Bg7 7. Be2 0-0 8. 0-0 Re8 9. Be3 e5 10. dxe5 dxe5 11. Qxd8 Rxd8 12. Bg5 Nd4 13. Nxd4 Rxd4 14. f3 c6 15. Be3 Rd8 16. Na4 b6 17. b4 Nh5 18. Rfd1 Be6 19. g3 f5 20. Nc3 Nf6 21. a4 fxe4 22. Nxe4 Nxe4 23. fxe4 Bf8 24. Rxd8 Rxd8 25. Rb1 Rb8 26. Kf2 Be7 27. Ke1 h5 28. h4 Kf7 29. Kd2 Bg4 30. Bxg4 hxg4 31. Kc2 Ke6 32. a5 bxa5 33. bxa5 Rxb1 34. Kxb1 a6 35. c5 Bd8 1/2-1/2

[Event "Kavala op 22nd"]
[Site "Kavala"]
[Date "2013.08.06"]
[Round "1"]
[White "Kiratzopoulos, Efthimios"]
[Black "Kharitonov, Alexandr"]
[Result "0-1"]
[WhiteElo "2120"]
[BlackElo "2547"]
[PlyCount "52"]
[EventDate "2013.08.06"]
[EventType "swiss"]
[EventRounds "9"]
[EventCountry "GRE"]
[SourceTitle "CBM 155 Extra"]
[Source "ChessBase"]
[SourceDate "2013.08.26"]
[SourceVersion "1"]
[SourceVersionDate "2013.08.26"]
[SourceQuality "1"]

1. Nf3 g6 2. g3 Bg7 3. Bg2 e5 4. d3 d6 5. 0-0 Nc6 6. c4 f5 7. Nc3 Nf6 8. Ne1 0-0 9. Nc2 Ne7 10. d4 e4 11. d5 h6 12. f3 exf3 13. exf3 g5 14. f4 gxf4 15. Bxf4 Ng6 16. Nd4 Ng4 17. Ne6 Bxe6 18. dxe6 Nxf4 19. Rxf4 c6 20. Bh3 Qb6+ 21. Kh1 Nf2+ 22. Rxf2 Qxf2 23. e7 Rfe8 24. Qxd6 Qf3+ 25. Bg2 Qe3 26. Qg6 Rxe7 0-1

[Event "GRE-chT 37th"]
[Site "Kallithea"]
[Date "2009.07.05"]
[Round "4"]
[White "Kiratzopoulos, Efthimios"]
[Black "Theotokatos, Dionisis"]
[Result "1-0"]
[WhiteElo "2139"]
[BlackElo "2135"]
[PlyCount "81"]
[EventDate "2009.07.03"]
[EventType "tourn"]
[EventRounds "9"]
[EventCountry "GRE"]
[SourceTitle "CBM 131 Extra"]
[Source "ChessBase"]
[SourceDate "2009.09.03"]
[SourceVersion "2"]
[SourceVersionDate "2009.09.16"]
[SourceQuality "1"]

1. d4 c5 2. Nc3 cxd4 3. Qxd4 Nf6 4. Bg5 Nc6 5. Qh4 e6 6. 0-0-0 Be7 7. e4 h6 8. f4 Rg8 9. Bxf6 Bxf6 10. Qg3 Bxc3 11. Qxc3 Qa5 12. Qxa5 Nxa5 13. Nf3 b6 14. Rd2 Bb7 15. Ne5 Bxe4 16. Rxd7 f6 17. Rd4 fxe5 18. Rxe4 exf4 19. Bb5+ Ke7 20. Rhe1 Rgd8 21. Rxe6+ Kf8 22. R1e4 a6 23. Rxf4+ Kg8 24. Bd3 b5 25. Rg4 Rac8 26. Rg3 Nc6 27. a3 Nd4 28. Re7 g5 29. h4 Rc5 30. hxg5 hxg5 31. Kb1 Kf8 32. Rh7 Re5 33. Rgh3 Re1+ 34. Ka2 Ne6 35. Ra7 Kg8 36. Rxa6 Nc5 37. Rg6+ Kf7 38. Rh7+ Kf8 39. Rxg5 Rxd3 40. Rxc5 Kg8 41. Rb7 1-0

[Event "GRE-chT 36th"]
[Site "Kallithea"]
[Date "2008.07.09"]
[Round "6.5"]
[White "Haratsidis, Vasilios"]
[Black "Kiratzopoulos, Efthimios"]
[Result "0-1"]
[WhiteElo "2001"]
[BlackElo "2125"]
[PlyCount "100"]
[EventDate "2008.07.06"]
[EventType "team-tourn"]
[EventRounds "7"]
[EventCountry "GRE"]
[SourceTitle "CBM 125 Extra"]
[Source "ChessBase"]
[SourceDate "2008.09.01"]
[SourceVersion "1"]
[SourceVersionDate "2008.09.01"]
[SourceQuality "1"]

1. d4 Nf6 2. c4 Nc6 3. Nf3 e6 4. a3 d6 5. Nc3 g6 6. e4 Bg7 7. h3 0-0 8. Bg5 h6 9. Be3 Re8 10. Bd3 Nd7 11. Be2 e5 12. d5 Ne7 13. Qd2 Kh7 14. g4 a5 15. h4 Nc5 16. Bxc5 dxc5 17. h5 g5 18. Nh2 Bd7 19. Nf1 Nc8 20. Ng3 Nd6 21. Nd1 Qf6 22. Ne3 Qf4 23. Qc2 Bf8 24. Nef5 b5 25. Nxd6 Bxd6 26. Nf5 Reb8 27. Rh3 Bxf5 28. gxf5 bxc4 29. Rf3 Qh2 30. 0-0-0 Rb3 31. Rxb3 cxb3 32. Qxb3 Qxf2 33. Qf3 Qh4 34. Kc2 Rb8 35. Bc4 Qh2+ 36. Qe2 Qg3 37. Rd3 Qh4 38. Rd1 g4 39. Rg1 Rg8 40. Kb3 Qxh5 41. Ka4 Qg5 42. Kxa5 h5 43. Kb5 Rb8+ 44. Ka4 Kg7 45. f6+ Qxf6 46. Rf1 Qg6 47. Rf5 f6 48. Bb5 h4 49. Rf1 g3 50. Bd7 h3 0-1

[Event "Kalamaria op 3rd"]
[Site "Kalamaria"]
[Date "2006.09.04"]
[Round "7"]
[White "Kiratzopoulos, Efthimios"]
[Black "Vijayalakshmi, Subbaraman"]
[Result "0-1"]
[WhiteElo "2133"]
[BlackElo "2417"]
[PlyCount "68"]
[EventDate "2006.08.30"]
[EventType "swiss"]
[EventRounds "9"]
[EventCountry "GRE"]
[SourceTitle "EXT 2007"]
[Source "ChessBase"]
[SourceDate "2006.11.23"]
[SourceVersion "1"]
[SourceVersionDate "2006.11.23"]
[SourceQuality "1"]

1. Nf3 Nf6 2. d4 e6 3. Bg5 c5 4. c3 h6 5. Bxf6 Qxf6 6. e4 Nc6 7. d5 Ne5 8. Be2 Nxf3+ 9. Bxf3 e5 10. 0-0 Be7 11. Nd2 0-0 12. a4 d6 13. b4 cxb4 14. cxb4 Bd7 15. Bg4 Rad8 16. Bxd7 Rxd7 17. Rc1 Qh4 18. Rc4 Bd8 19. Qe2 g6 20. Rfc1 a6 21. a5 Qe7 22. Rc8 f5 23. f3 Kh7 24. Nc4 Qg7 25. Nb6 Rdf7 26. h3 Qf6 27. b5 fxe4 28. fxe4 axb5 29. R8c3 Qh4 30. Qxb5 Bg5 31. Rd1 Qxe4 32. Nd7 Rd8 33. Rc7 Qf5 34. Qxb7 Rdxd7 0-1